Дело об определении медиков к Московским театрам

RUSMARC
00005125cbc2a2200000#x 450
001d1c6c261-4b19-499d-9b1a-81068cdf2034
00520191213100429.0
100##$a20170626l18441844k l0rusy0189 ca
1010#$arus
102##$aRU
2001#$aДело об определении медиков к Московским театрам
$j24 августа - 19 октября 1844 г.
251##$cДело
300##$aПо Московской дирекции за 1844 год
300##$aРукописный текст. Чернила
801#0$aRU
$bРГИА
$c20170626
801#1$aRU
$bГлавНИВЦ
$c20170626
$2rusmarc
801#2$aRU
$bПБ им. Б.Н. Ельцина
$c20181221
$gRCR
$2rusmarc
850##$aФедеральное казенное учреждение "Российский государственный исторический архив" (РГИА)
852##$aРГИА
$j10159
937##$hРГИА
$d12243368
$aASBIBLIO_SCAN
462#0$1001dd3991dc-24e1-42ec-8838-ca4255420416
$12001
$a1746-1850 гг.
$vД. 10159
$1251
$cОпись
$1852
$j1
461#0$10019264ebf8-de62-4f1a-9eb4-9f22098dbbd5
$12001
$aДирекция императорских театров МИДв
$1251
$cФонд
$1852
$j497
215##$a10 листов
$d36,5х26 см
371##$aДокумент не является опубликованным и широко распространяемым
105##$ay###
1222#$ad18440824##
$ad18441019##
035##$ad1c6c261-4b19-499d-9b1a-81068cdf2034
856##$uhttp://readingroom.main.prlib.ru/item.aspx?id_node=n122192588&mode=full
6061#$2prlib_sh
$3LIBNET\UAF\0000086557
$aТеатры
$xМедицинское обслуживание
$yРоссия
$jДокументы и материалы
686##$2rubbk
$a51.1
$vLBC/M
686##$a85.33
$vLBC/M
$2rubbk
60101$2prlib_sh
$3LIBNET\UAF\0000080151
$aРоссия
$bДирекция императорских театров
$xДеятельность
$jДокументы и материалы
605##$2acquisition_Prlib
$3LIBNET\UAF\0000080478
$aГод театра в России
$lколлекция
605##$2acquisition_Prlib
$3DITM\AF\0000004166
$aРоссия в лицах
$lколлекция
Формат отображения